Ensaladilla (Registro nro. 301873)

Detalles MARC
000 -ENCABEZADO
Número de control [NR] 01845nam a22002417a 4500
005 - FECHA Y HORA DE LA ÚLTIMA TRANSACCIÓN
control field 20151126101750.0
008 - DE LONGITUD FIJA DE DATOS DE ELEMENTOS - INFORMACIÓN GENERAL
Elementos de longitud fija [NR] 151019s1923 sp ||||fr|||| 001 0 spa d
040 ## - FUENTE DE CATALOGACION [NR]
Quien Cataloga Sandra Yazo
Quien Clasifica Sandra Yazo
041 0# - CODIGO DE IDIOMA [R]
Código de idioma para texto/pista de sonido o título separado [R] Español
082 04 - NUMERO DE CLASIFICACION DECIMAL DEWEY [R]
Número de la edición [NR] 20
Número de clasificación [R] 864
092 ## - SIGNATURA TOPOGRAFICA LOCAL
Número de clasificación local E37N126
100 1# - ASIENTO PRINCIPAL--NOMBRE PERSONAL [NR]
Nombre personal [NR] Rodríguez Marín, Francisco
Fechas asociadas con el nombre [NR] 1855-1943
ID Autoridad 72535
245 10 - MENCION DE TITULO [NR]
Título [NR] Ensaladilla
Parte restante del título [NR] Menudencias de varia, leve y entretenida erudicción
Mención de responsabilidad, etc. [NR] por Francisco Rodriguez Marín
260 ## - PUBLICACION, DISTRIBUCION, ETC. (PIE DE IMPRENTA) [R]
Lugar de publicación, distribución, etc. [R] Madrid [Español]
Nombre del editor, distribuidor, etc. [R] Tip. de la Revista de Arch., Bibl. y museos
Fecha de publicación, distribución, etc. [R] 1923
300 ## - DESCRIPCION FISICA [R]
Extensión [R] 243 páginas
Dimensiones [R] 19 x 13 cm.
500 ## - NOTA GENERAL [R]
Nota general [NR] Detalles físicos: Encuadernación flexible en cartulina. Tapa delantera con datos de publicación impreso en dos tintas con marca tipográfica. Tapas sueltas, algunas roturas. Hoja de cortesía. Anteportada. Retrato del autor. Texto en una columna, algunas notas al finas de página. Bordes de hoja deteriorados. Papel muy manchado. Una firma en portada. Anotación manuscrita en la anteportada
505 2# - NOTA DE CONTENIDO CON FORMATO PREESTABLECIDO [R]
Nota de contenido con formato preestablecido [NR] Las peteneras ; La virgen de la caridad ; El olivo ; Bartolomé afanador ; Cervantes en Andalucía ; Las flores de Rinconete ; Una joyita de Cervantes ; Cervantes y doña Catalina su mujer ; ¡a qué gentes sirvió Cervantes! Cervantes y la inquisición ; Cervantes y el Potro de Córdoba ; La espinela antes de espinel ; El don de Cervantes ; “Si me miras, me matas” ; El cristo de Vásquez de Leca ; El diccionario de las artes de la construcción ; El amante multiforme ; Historia de un soneto, o un soneto de historia ; Sevilla y su semana santa ; La sangre acusadora ; Ausencia, enemiga de amor ; ¡Santiago! ; "... una cebolla, una olla"
506 ## - NOTA DE RESTRICCIONES DE ACCESO [R]
Condiciones de acceso [NR] Consulta en sala
650 #7 - ASIENTO SECUNDARIO DE MATERIA - TERMINO TEMATICO [R]
9 (RLIN) 14560
Término temático o nombre geográfico como elemento de entrada [NR] Ensayos españoles
650 #7 - ASIENTO SECUNDARIO DE MATERIA - TERMINO TEMATICO [R]
Término temático o nombre geográfico como elemento de entrada [NR] Literatura española
9 (RLIN) 67886
690 ## - ASUNTO AGREGADO LOCAL DE ENTRADA - TÉRMINO TEMÁTICO (OCLC, RLIN)
9 (RLIN) 42863
Acceso temático local Literatura europea
942 ## - ELEMENTOS DE ENTRADA AGREGADOS (KOHA)
Sistema de clasificación LOCAL
Tipo de ítem principal el descrito en 300a Libro
Edición 1
Clasificación E37N126
Existencias
Suprimido Perdido Sistema de clasificación Dañado No prestable Tipo de ítem específico Ubicación habitual Ubicación actual Localización Fecha de creación Forma de adquisición Costo Total préstamos Signatura topográfica Código de barras Última vez visto Ejemplar Price effective from Tipo de ítem
    LOCAL     Libro archivo Archivo Histórico Archivo Histórico Archivo histórico 19/10/2015 Donación 0.00   E37N126 L005222 19/10/2015 Ej.1 19/10/2015 Libro